[Event "IM Not A GM Speed Chess"]
[Site "chess.com INT"]
[Date "2020.04.19"]
[Round "1.20"]
[White "Tania, Sachdev"]
[Black "Rozman, Levy"]
[Result "0-1"]
[WhiteTitle "IM"]
[BlackTitle "IM"]
[WhiteElo "2392"]
[BlackElo "2343"]
[WhiteFideId "5007844"]
[BlackFideId "2039877"]
[EventDate "2020.04.18"]

1. d4 Nf6 2. c4 b6 3. Nf3 Bb7 4. a3 g6 5. Nc3 Bg7 6. g3 O-O 7. Bg2 Ne4 8. O-O
Nxc3 9. bxc3 d6 10. Bd2 Nd7 11. Qc1 Nf6 12. Bh6 Ne4 13. Bxg7 Kxg7 14. Rb1 f5 15.
Nd2 Nxd2 16. Qxd2 Bxg2 17. Kxg2 e6 18. d5 e5 19. f4 Qe7 20. e3 Rfe8 21. Rfe1 Qd7
22. Qc2 Re7 23. a4 a5 24. Kf2 Rae8 25. Qb3 Qd8 26. Qc2 Rf7 27. Re2 Qf6 28. Rbe1
g5 29. fxg5 Qxg5 30. Kg2 h5 31. h4 Qg6 32. Rf2 Rg8 33. Kh2 Kh8 34. Rg2 Qg4 35.
Qe2 Qg6 36. Rf1 Rfg7 37. e4 f4 38. Rf3 Qg4 39. Rd3 Qxe2 40. Rxe2 Rxg3 41. Red2
R8g4 42. Rxg3 Rxg3 43. Rc2 Kg7 0-1

[Event "IM Not A GM Speed Chess"]
[Site "chess.com INT"]
[Date "2020.04.18"]
[Round "1.1"]
[White "Sielecki, Christof"]
[Black "Kashlinskaya, Alina"]
[Result "1/2-1/2"]
[WhiteTitle "IM"]
[BlackTitle "IM"]
[WhiteElo "2431"]
[BlackElo "2494"]
[WhiteFideId "4620437"]
[BlackFideId "4198026"]
[EventDate "2020.04.18"]

1. Nf3 Nf6 2. g3 g6 3. Bg2 Bg7 4. d4 c5 5. dxc5 Na6 6. O-O Nxc5 7. c4 O-O 8. Nc3
d6 9. Nd4 a5 10. b3 Bd7 11. Bb2 Qb6 12. Rb1 a4 13. Ba1 axb3 14. axb3 Ra6 15. b4
Na4 16. Ndb5 Nxc3 17. Nxc3 Rfa8 18. c5 Qc7 19. Nd5 Nxd5 20. Bxg7 Kxg7 21. Qxd5
Bc6 22. cxd6 Bxd5 23. dxc7 Bxg2 24. Kxg2 Rc6 25. Rfc1 Rc8 26. Rxc6 bxc6 27. Kf3
Rxc7 28. Ke4 Rd7 29. Rc1 Rd6 30. e3 Kf6 31. f4 Ke6 32. g4 f5+ 33. gxf5+ gxf5+
34. Kf3 Kf6 35. Rc5 Re6 36. h4 h5 37. Ra5 Re4 38. Rc5 Rxb4 39. Rxc6+ e6 1/2-1/2

[Event "IM Not A GM Speed Chess"]
[Site "chess.com INT"]
[Date "2020.04.19"]
[Round "1.2"]
[White "Kashlinskaya, Alina"]
[Black "Sielecki, Christof"]
[Result "0-1"]
[WhiteTitle "IM"]
[BlackTitle "IM"]
[WhiteElo "2494"]
[BlackElo "2431"]
[WhiteFideId "4198026"]
[BlackFideId "4620437"]
[EventDate "2020.04.18"]

1. d4 Nf6 2. c4 e6 3. Nf3 Nc6 4. Nc3 Bb4 5. Bd2 d6 6. Qc2 Qe7 7. a3 Bxc3 8. Bxc3
e5 9. e3 Bg4 10. d5 Nb8 11. Nd2 c6 12. dxc6 Nxc6 13. Bd3 Bh5 14. O-O Bg6 15. b4
Bxd3 16. Qxd3 O-O 17. b5 Nb8 18. f4 Nbd7 19. Rae1 Rac8 20. fxe5 dxe5 21. Ne4
Nxe4 22. Qxe4 Nc5 23. Qg4 f6 24. Rd1 Qe6 25. Qh4 Na4 26. Bb4 Rxc4 27. Qh5 Rfc8
28. Rd2 Nc3 29. Rd6 Qg4 30. Qxg4 Rxg4 31. h3 Re4 32. Rd7 Nxb5 33. Rxb7 Nc3 34.
Rxa7 Rxe3 35. Bxc3 Rcxc3 36. a4 Re2 37. Rf2 Rc1+ 38. Rf1 Rcc2 39. Rb1 Rxg2+ 40.
Kf1 Rgf2+ 41. Ke1 Rb2 42. Rxb2 Rxb2 43. a5 h5 44. a6 Kh7 45. Rc7 Ra2 46. a7 Kg6
47. h4 Kf5 48. Rxg7 Ke4 49. Rb7 f5 50. Rb4+ Kf3 51. Rb3+ Kg4 52. Rb4+ f4 53. Rb5
Kf5 54. Rb7 f3 55. Rf7+ Ke4 56. Rb7 Ke3 57. Rb3+ Kf4 58. Kf1 e4 59. Rb7 Ra1+ 60.
Kf2 e3# 0-1

[Event "IM Not A GM Speed Chess"]
[Site "chess.com INT"]
[Date "2020.04.20"]
[Round "1.3"]
[White "Sielecki, Christof"]
[Black "Kashlinskaya, Alina"]
[Result "1-0"]
[WhiteTitle "IM"]
[BlackTitle "IM"]
[WhiteElo "2431"]
[BlackElo "2494"]
[WhiteFideId "4620437"]
[BlackFideId "4198026"]
[EventDate "2020.04.18"]

1. d4 Nf6 2. Nf3 g6 3. g3 Bg7 4. Bg2 O-O 5. O-O d5 6. c4 dxc4 7. Na3 c3 8. bxc3
c5 9. Re1 Nc6 10. e4 cxd4 11. cxd4 Bg4 12. Bb2 Nd7 13. Rb1 Nb6 14. Nc2 Qd7 15.
d5 Bxf3 16. Qxf3 Ne5 17. Qb3 Rac8 18. Ne3 Rc7 19. Rec1 Rfc8 20. Rxc7 Rxc7 21.
Rc1 Rxc1+ 22. Bxc1 Qc7 23. Ba3 h6 24. h3 Bf6 25. Kh2 Nbc4 26. d6 exd6 27. Nd5
Qd8 28. Nxf6+ Qxf6 29. f4 Nd2 30. fxe5 Qf2 31. Qd3 dxe5 32. Bc1 1-0

[Event "IM Not A GM Speed Chess"]
[Site "chess.com INT"]
[Date "2020.04.22"]
[Round "1.4"]
[White "Kashlinskaya, Alina"]
[Black "Sielecki, Christof"]
[Result "1-0"]
[WhiteTitle "IM"]
[BlackTitle "IM"]
[WhiteElo "2494"]
[BlackElo "2431"]
[WhiteFideId "4198026"]
[BlackFideId "4620437"]
[EventDate "2020.04.18"]

1. d4 Nf6 2. c4 e6 3. Nf3 Nc6 4. a3 d6 5. Nc3 g6 6. g3 Bg7 7. Bg2 O-O 8. O-O a6
9. e4 Re8 10. Be3 Ng4 11. Bg5 Bf6 12. Bxf6 Nxf6 13. Qd3 e5 14. d5 Ne7 15. b4 Bd7
16. c5 a5 17. Nd2 Kg7 18. Nc4 axb4 19. axb4 Rxa1 20. Rxa1 Qb8 21. b5 h5 22. c6
bxc6 23. bxc6 Bc8 24. Rb1 Qa8 25. Nb5 Rh8 26. Nxc7 Qa2 27. Nxd6 Ng4 28. Rf1 h4
29. Nde8+ Kf8 30. d6 Nxc6 31. d7 Bxd7 32. Qxd7 Nd4 33. Qxg4 Ne2+ 34. Kh1 hxg3
35. fxg3 Qd2 36. Rxf7+ Kxf7 37. Qe6+ Kf8 38. Qf6+ Kg8 39. Qg7# 1-0

[Event "IM Not A GM Speed Chess"]
[Site "chess.com INT"]
[Date "2020.04.23"]
[Round "1.5"]
[White "Sielecki, Christof"]
[Black "Kashlinskaya, Alina"]
[Result "0-1"]
[WhiteTitle "IM"]
[BlackTitle "IM"]
[WhiteElo "2431"]
[BlackElo "2494"]
[WhiteFideId "4620437"]
[BlackFideId "4198026"]
[EventDate "2020.04.18"]

1. Nf3 d5 2. g3 Nf6 3. Bg2 Bg4 4. d4 e6 5. c4 c6 6. h3 Bh5 7. O-O Be7 8. Nc3 O-O
9. g4 Bg6 10. Ne5 Nbd7 11. Nxg6 hxg6 12. Qb3 Qb6 13. e3 Rfd8 14. Bd2 dxc4 15.
Qxc4 Qxb2 16. Rfd1 Nb6 17. Qe2 Qa3 18. Rab1 Rac8 19. Rb3 Qa6 20. Qxa6 bxa6 21.
g5 Nfd7 22. h4 c5 23. Bb7 Rc7 24. Bxa6 cxd4 25. exd4 Nb8 26. Be2 Rxd4 27. Be3
Rxh4 28. Nb5 Rd7 29. Nxa7 Rxd1+ 30. Bxd1 N6d7 31. Rb7 Bd6 32. a4 Rb4 33. Rxb4
Bxb4 34. Bf3 Kf8 35. Kf1 Ke7 36. Ke2 Kd6 37. Nb5+ Ke7 38. Be4 Nc5 39. Bc2 Nc6
40. f4 Kd7 41. Nd4 Na5 42. Bd2 Bxd2 43. Kxd2 Kd6 44. Kc3 Kd5 45. Nf3 Nc6 46. Bd1
f6 47. gxf6 gxf6 48. Bc2 f5 49. Nh4 e5 50. fxe5 Nxe5 51. a5 Nc6 52. a6 Nxa6 53.
Nxg6 Ke6 54. Nf4+ Ke5 55. Bxf5 Kxf5 56. Nd3 Ke4 57. Kc4 Nc7 58. Nc5+ Ke5 0-1

[Event "IM Not A GM Speed Chess"]
[Site "chess.com INT"]
[Date "2020.04.24"]
[Round "1.6"]
[White "Kashlinskaya, Alina"]
[Black "Sielecki, Christof"]
[Result "0-1"]
[WhiteTitle "IM"]
[BlackTitle "IM"]
[WhiteElo "2494"]
[BlackElo "2431"]
[WhiteFideId "4198026"]
[BlackFideId "4620437"]
[EventDate "2020.04.18"]

1. d4 Nf6 2. c4 e6 3. Nf3 Bb4+ 4. Nbd2 d6 5. a3 Bxd2+ 6. Qxd2 b6 7. e3 Bb7 8.
Be2 Nbd7 9. O-O O-O 10. b4 Ne4 11. Qc2 f5 12. Bb2 Rf6 13. d5 Rh6 14. dxe6 Nf8
15. c5 bxc5 16. bxc5 Nxc5 17. Qxf5 Nfxe6 18. Qc2 Rg6 19. Rad1 Ng5 20. Qc4+ Kh8
21. Nh4 Nh3+ 22. Kh1 Qxh4 23. f3 Nf2+ 24. Kg1 Qxc4 25. Bxc4 Nxd1 26. Rxd1 Bxf3
27. Rd2 Rb8 0-1

[Event "IM Not A GM Speed Chess"]
[Site "chess.com INT"]
[Date "2020.04.25"]
[Round "1.7"]
[White "Sielecki, Christof"]
[Black "Kashlinskaya, Alina"]
[Result "1-0"]
[WhiteTitle "IM"]
[BlackTitle "IM"]
[WhiteElo "2431"]
[BlackElo "2494"]
[WhiteFideId "4620437"]
[BlackFideId "4198026"]
[EventDate "2020.04.18"]

1. Nf3 d5 2. d4 Nf6 3. g3 c6 4. Bg2 Bf5 5. c4 e6 6. Nc3 Be7 7. Qb3 Qb6 8. c5 Qc7
9. Bf4 Qc8 10. Nh4 h6 11. Nxf5 exf5 12. Qc2 Na6 13. Bh3 g6 14. O-O Nc7 15. Rad1
Ne6 16. Bc1 h5 17. f3 h4 18. g4 fxg4 19. fxg4 Nh7 20. e4 Nhg5 21. Kg2 Nxh3 22.
Kxh3 dxe4 23. Qxe4 O-O 24. d5 cxd5 25. Nxd5 Qxc5 26. b4 Qxc1 27. Nxe7+ Kh7 28.
Rxf7+ Rxf7 29. Qxg6+ Kh8 30. Qh5+ Kg7 31. Qe5+ Kf8 32. Ng6+ Kg8 33. Qh8# 1-0

[Event "IM Not A GM Speed Chess"]
[Site "chess.com INT"]
[Date "2020.04.26"]
[Round "1.8"]
[White "Kashlinskaya, Alina"]
[Black "Sielecki, Christof"]
[Result "1-0"]
[WhiteTitle "IM"]
[BlackTitle "IM"]
[WhiteElo "2494"]
[BlackElo "2431"]
[WhiteFideId "4198026"]
[BlackFideId "4620437"]
[EventDate "2020.04.18"]

1. d4 Nf6 2. c4 e6 3. Nc3 Bb4 4. e3 O-O 5. Bd3 c5 6. Nf3 Nc6 7. O-O Bxc3 8. bxc3
d6 9. e4 e5 10. h3 h6 11. Rb1 b6 12. d5 Ne7 13. Nh4 Ng6 14. Nxg6 fxg6 15. f4 Qe7
16. Rb2 exf4 17. Bxf4 g5 18. Bg3 g4 19. Rbf2 gxh3 20. Bh4 g5 21. Bg3 hxg2 22.
Kxg2 Bg4 23. Qc2 Nh5 24. Bh2 Rxf2+ 25. Qxf2 Qd7 26. Qe3 Rf8 27. Rxf8+ Kxf8 28.
e5 dxe5 29. Bxe5 Bd1 30. Qf2+ Kg8 31. Bf5 Qe7 32. Be6+ Kh7 33. Qf5# 1-0

[Event "IM Not A GM Speed Chess"]
[Site "chess.com INT"]
[Date "2020.04.20"]
[Round "1.9"]
[White "Kashlinskaya, Alina"]
[Black "Sielecki, Christof"]
[Result "1-0"]
[WhiteTitle "IM"]
[BlackTitle "IM"]
[WhiteElo "2494"]
[BlackElo "2431"]
[WhiteFideId "4198026"]
[BlackFideId "4620437"]
[EventDate "2020.04.18"]

1. d4 Nf6 2. c4 e6 3. Nc3 Bb4 4. Qc2 Nc6 5. e3 e5 6. d5 Ne7 7. Bd2 O-O 8. a3
Bxc3 9. Bxc3 d6 10. Bd3 c6 11. dxc6 Nxc6 12. Nf3 Re8 13. Nd2 h6 14. O-O d5 15.
cxd5 Nxd5 16. Rfd1 Bg4 17. Re1 Rc8 18. h3 Be6 19. Rad1 Nxc3 20. bxc3 Qc7 21.
Bh7+ Kh8 22. Bf5 Na5 23. Bxe6 Rxe6 24. Qf5 Kg8 25. Ne4 Rd8 26. h4 b6 27. h5 Nb7
28. Qg4 Nd6 29. Qh4 Rc8 30. Ng3 Qxc3 31. Qg4 Rc4 32. e4 Rf6 33. Rxd6 Qxe1+ 34.
Kh2 Rxd6 35. Nf5 Kf8 36. Qxg7+ Ke8 37. Qg8+ Kd7 38. Qxf7+ Kd8 39. Qf8+ Kc7 40.
Qxd6+ Kb7 41. Qd5+ Kb8 42. Qxc4 Qxf2 43. Qg8+ Kb7 44. Qg7+ Ka6 45. Qxe5 1-0

[Event "IM Not A GM Speed Chess"]
[Site "chess.com INT"]
[Date "2020.04.18"]
[Round "1.10"]
[White "Sielecki, Christof"]
[Black "Kashlinskaya, Alina"]
[Result "0-1"]
[WhiteTitle "IM"]
[BlackTitle "IM"]
[WhiteElo "2431"]
[BlackElo "2494"]
[WhiteFideId "4620437"]
[BlackFideId "4198026"]
[EventDate "2020.04.18"]

1. Nf3 d5 2. d4 Nf6 3. g3 c6 4. Bg2 Bf5 5. c4 e6 6. Nc3 Nbd7 7. Qb3 Qb6 8. c5
Qxb3 9. axb3 a6 10. b4 Rc8 11. h3 h6 12. g4 Bh7 13. Bf4 Be7 14. Nd2 Bd8 15. Nb3
Bc7 16. Bxc7 Rxc7 17. f4 O-O 18. Bf3 Ne4 19. Bxe4 Bxe4 20. Rg1 f6 21. Nxe4 dxe4
22. Nd2 f5 23. gxf5 exf5 24. Nc4 Nf6 25. e3 Nd5 26. Ke2 Nxb4 27. Rg6 Nd5 28.
Rag1 Kh7 29. Nd6 b5 30. cxb6 Nxb6 31. Re6 Nd5 32. Re5 Rb8 33. Nxf5 Rxb2+ 34. Kf1
Rcb7 35. Rg2 a5 36. Rxb2 Rxb2 37. h4 a4 38. Re8 a3 0-1

[Event "IM Not A GM Speed Chess"]
[Site "chess.com INT"]
[Date "2020.04.20"]
[Round "1.11"]
[White "Kashlinskaya, Alina"]
[Black "Sielecki, Christof"]
[Result "1/2-1/2"]
[WhiteTitle "IM"]
[BlackTitle "IM"]
[WhiteElo "2494"]
[BlackElo "2431"]
[WhiteFideId "4198026"]
[BlackFideId "4620437"]
[EventDate "2020.04.18"]

1. d4 Nf6 2. c4 e6 3. Nc3 Bb4 4. e3 O-O 5. Ne2 c5 6. a3 Bxc3+ 7. Nxc3 cxd4 8.
exd4 d5 9. Bg5 dxc4 10. Bxc4 h6 11. Be3 Nc6 12. O-O Ne7 13. Qf3 Ned5 14. Rad1
Bd7 15. Nxd5 Nxd5 16. Bxd5 exd5 17. Qxd5 Bc6 18. Qxd8 Rfxd8 19. Rc1 a6 20. Rc5
Rd5 21. Rfc1 Rxc5 22. Rxc5 Rd8 23. f3 Rd5 24. Rc3 h5 25. h4 g6 26. Kf2 Kf8 27.
Bh6+ Kg8 28. Ke3 f6 29. Bf4 Kf7 30. Rc5 Rxc5 31. dxc5 Ke6 32. Bd6 1/2-1/2

[Event "IM Not A GM Speed Chess"]
[Site "chess.com INT"]
[Date "2020.04.20"]
[Round "1.12"]
[White "Sielecki, Christof"]
[Black "Kashlinskaya, Alina"]
[Result "0-1"]
[WhiteTitle "IM"]
[BlackTitle "IM"]
[WhiteElo "2431"]
[BlackElo "2494"]
[WhiteFideId "4620437"]
[BlackFideId "4198026"]
[EventDate "2020.04.18"]

1. e4 e6 2. d4 d5 3. exd5 exd5 4. Nf3 Bd6 5. c4 Nf6 6. Nc3 O-O 7. cxd5 Nbd7 8.
Bg5 h6 9. Bh4 Nb6 10. Be2 Be7 11. Bxf6 Bxf6 12. Qb3 a5 13. a4 Qd6 14. O-O Qb4
15. Qc2 Rd8 16. d6 Rxd6 17. Ne4 Bf5 18. Nxf6+ Rxf6 19. Qxc7 Be4 20. Qc5 Qxb2 21.
Rfe1 Nd5 22. Qc1 Qb4 23. Ra3 Nf4 24. Bf1 Nh3+ 25. gxh3 Bxf3 26. Bg2 Bxg2 27.
Kxg2 Qxd4 28. Rf3 Qd5 29. Re3 Rxf3 30. Rxf3 Ra6 31. Qf4 Rg6+ 32. Kf1 Qd1# 0-1

[Event "IM Not A GM Speed Chess"]
[Site "chess.com INT"]
[Date "2020.04.20"]
[Round "1.13"]
[White "Kashlinskaya, Alina"]
[Black "Sielecki, Christof"]
[Result "1-0"]
[WhiteTitle "IM"]
[BlackTitle "IM"]
[WhiteElo "2494"]
[BlackElo "2431"]
[WhiteFideId "4198026"]
[BlackFideId "4620437"]
[EventDate "2020.04.18"]

1. d4 Nf6 2. c4 e6 3. Nc3 Bb4 4. Qc2 Nc6 5. e3 e5 6. d5 Ne7 7. Bd2 O-O 8. a3
Bxc3 9. Bxc3 d6 10. Nf3 c6 11. dxc6 Nxc6 12. Be2 h6 13. O-O Be6 14. b3 Qe7 15.
Rac1 Rac8 16. Qb1 Rfd8 17. Rfd1 Nd7 18. h3 a5 19. Nd2 Nb6 20. Bb2 d5 21. cxd5
Bxd5 22. Nf1 Bxb3 23. Rxd8+ Rxd8 24. Bxe5 Qxa3 25. Bc7 Qb4 26. Bxd8 Nxd8 27. Bd1
a4 28. Bxb3 axb3 29. Qd3 Nc6 30. Nd2 b2 31. Rb1 Na4 32. Nc4 b5 33. Nxb2 Nxb2 34.
Qc2 Ne5 35. Qxb2 1-0

[Event "IM Not A GM Speed Chess"]
[Site "chess.com INT"]
[Date "2020.04.20"]
[Round "1.14"]
[White "Sielecki, Christof"]
[Black "Kashlinskaya, Alina"]
[Result "0-1"]
[WhiteTitle "IM"]
[BlackTitle "IM"]
[WhiteElo "2431"]
[BlackElo "2494"]
[WhiteFideId "4620437"]
[BlackFideId "4198026"]
[EventDate "2020.04.18"]

1. d4 Nf6 2. Nf3 d5 3. g3 c6 4. Bg2 Bf5 5. c4 e6 6. Nc3 Nbd7 7. Qb3 Qb6 8. c5
Qc7 9. Bf4 Qc8 10. Nh4 h6 11. Nxf5 exf5 12. Qc2 g6 13. f3 b6 14. cxb6 axb6 15.
e4 fxe4 16. fxe4 dxe4 17. Nxe4 Bb4+ 18. Kf2 O-O 19. h3 g5 20. Nxf6+ Nxf6 21. Be5
Nd7 22. Rhd1 Nxe5 23. dxe5 Bc5+ 24. Kf1 Qe6 25. Qe4 Rae8 26. b4 f5 27. Qxc6 Qc4+
28. Ke1 Rxe5+ 0-1

[Event "IM Not A GM Speed Chess"]
[Site "chess.com INT"]
[Date "2020.04.20"]
[Round "1.15"]
[White "Kashlinskaya, Alina"]
[Black "Sielecki, Christof"]
[Result "0-1"]
[WhiteTitle "IM"]
[BlackTitle "IM"]
[WhiteElo "2494"]
[BlackElo "2431"]
[WhiteFideId "4198026"]
[BlackFideId "4620437"]
[EventDate "2020.04.18"]

1. d4 Nf6 2. c4 e6 3. Nc3 Bb4 4. Qc2 Nc6 5. e3 d6 6. Bd2 e5 7. d5 Bxc3 8. Bxc3
Ne7 9. Bd3 O-O 10. Nf3 c6 11. dxc6 Nxc6 12. O-O h6 13. h3 Re8 14. Rfd1 Qc7 15.
b4 Be6 16. Rac1 b6 17. Qb2 a5 18. a3 axb4 19. axb4 Ra4 20. Bc2 Ra7 21. Bb3 Qb8
22. Ra1 Rxa1 23. Rxa1 b5 24. c5 Bxb3 25. Qxb3 dxc5 26. bxc5 b4 27. Bb2 Qb5 28.
Rc1 Na5 29. Qc2 Nc6 30. Qf5 b3 31. Nd2 Nb4 32. Nc4 Qxc5 33. Nxe5 Nc2 34. Qd3 Qd5
35. Qc3 Ne4 36. Qc7 Qd2 37. Ng4 h5 38. f3 hxg4 39. fxe4 Qxe3+ 40. Kh1 Qxe4 41.
Qc3 Qg6 42. Qxb3 gxh3 43. Qxc2 hxg2+ 44. Qxg2 Qxg2+ 45. Kxg2 Re2+ 46. Kf3 Rxb2
47. Rc8+ Kh7 48. Rc7 Kg6 49. Rc6+ f6 50. Rc7 Rb5 51. Kg4 Rg5+ 52. Kf4 Ra5 53.
Kg4 Ra4+ 54. Kg3 Kh6 55. Rd7 f5 56. Rd6+ g6 57. Rd8 Kg5 58. Rg8 Ra3+ 59. Kg2 f4
60. Rf8 Kg4 61. Rb8 g5 62. Kg1 Ra2 63. Rb3 f3 64. Rb5 Kf4 65. Rc5 g4 66. Rc4+
Kg3 67. Rc1 Kh3 68. Kh1 g3 0-1

[Event "IM Not A GM Speed Chess"]
[Site "chess.com INT"]
[Date "2020.04.20"]
[Round "1.16"]
[White "Sielecki, Christof"]
[Black "Kashlinskaya, Alina"]
[Result "1-0"]
[WhiteTitle "IM"]
[BlackTitle "IM"]
[WhiteElo "2431"]
[BlackElo "2494"]
[WhiteFideId "4620437"]
[BlackFideId "4198026"]
[EventDate "2020.04.18"]

1. Nf3 Nf6 2. g3 g6 3. b3 Bg7 4. Bb2 c5 5. c4 d6 6. Bg2 e5 7. O-O Nc6 8. Nc3 O-O
9. d3 h6 10. Nd2 Be6 11. Nd5 Nh5 12. e3 Qd7 13. Qe2 Rae8 14. a3 f5 15. f4 exf4
16. Bxg7 Qxg7 17. gxf4 Kh8 18. Qf3 Nf6 19. Kh1 g5 20. Rae1 Rg8 21. Nxf6 Qxf6 22.
fxg5 hxg5 23. Ne4 Qg6 24. Nxd6 Ref8 25. d4 f4 26. exf4 Nxd4 27. Qe4 gxf4 28.
Qe5+ Rg7 29. Be4 Qh6 30. Rg1 f3 31. Rxg7 Qxg7 32. Qh5+ Kg8 33. Rg1 f2 34. Rxg7+
Kxg7 35. Qg6+ Kh8 36. Qh7# 1-0

[Event "IM Not A GM Speed Chess"]
[Site "chess.com INT"]
[Date "2020.04.20"]
[Round "1.17"]
[White "Sielecki, Christof"]
[Black "Kashlinskaya, Alina"]
[Result "1-0"]
[WhiteTitle "IM"]
[BlackTitle "IM"]
[WhiteElo "2431"]
[BlackElo "2494"]
[WhiteFideId "4620437"]
[BlackFideId "4198026"]
[EventDate "2020.04.18"]

1. d4 Nf6 2. Nf3 d5 3. g3 Bf5 4. Bg2 c6 5. c4 e6 6. Nc3 h6 7. Qb3 Qb6 8. c5 Qc7
9. Bf4 Qc8 10. Nd2 Nbd7 11. e4 dxe4 12. Bxe4 Nxe4 13. Ndxe4 Be7 14. Nd6+ Bxd6
15. Bxd6 Nf6 16. O-O Qd7 17. Rfe1 h5 18. h4 Ng8 19. d5 Ne7 20. dxc6 Nxc6 21. Nd5
O-O-O 22. Ne3 Bh3 23. a4 Nd4 24. Qd1 Nf5 25. Nxf5 exf5 26. Qf3 Qc6 27. Qxc6+
bxc6 28. Re7 Rd7 29. Rae1 Rhd8 30. Rxd7 Rxd7 31. f3 f4 32. Bxf4 Be6 33. Bd6 Kb7
34. b4 g6 35. Kf2 a6 36. Ke3 Bb3 37. Kf4 Bxa4 38. Re8 Bb3 39. Ke5 Bd5 40. f4 Be6
41. Kf6 Bd5 42. f5 gxf5 43. Kxf5 Be6+ 44. Kg5 Bh3 45. Kxh5 f5 46. Re7 Rxe7 47.
Bxe7 Kc7 48. Kg6 Kd7 49. Bd6 Ke8 50. h5 f4 51. gxf4 Bf1 52. h6 Bd3+ 53. Kg7 Kd7
54. h7 Bxh7 55. Kxh7 Ke6 56. Kg6 Kd5 57. f5 Kc4 58. f6 Kxb4 59. f7 1-0

[Event "IM Not A GM Speed Chess"]
[Site "chess.com INT"]
[Date "2020.04.20"]
[Round "1.18"]
[White "Kashlinskaya, Alina"]
[Black "Sielecki, Christof"]
[Result "1-0"]
[WhiteTitle "IM"]
[BlackTitle "IM"]
[WhiteElo "2494"]
[BlackElo "2431"]
[WhiteFideId "4198026"]
[BlackFideId "4620437"]
[EventDate "2020.04.18"]

1. d4 Nf6 2. Bg5 c5 3. d5 Ne4 4. Bf4 e6 5. f3 Bd6 6. Bxd6 Nxd6 7. e4 b5 8. a4
bxa4 9. Nc3 O-O 10. Nh3 Bb7 11. Nf2 exd5 12. Nxd5 Nc6 13. Bd3 Ne5 14. O-O Bxd5
15. exd5 c4 16. Be2 Qb6 17. Rxa4 Qxb2 18. f4 Ng6 19. Bxc4 Nxc4 20. Rxc4 Rac8 21.
Qd3 Rxc4 22. Qxc4 a5 23. Nd3 Qb6+ 24. Kh1 Qd6 25. f5 Ne5 26. Nxe5 Qxe5 27. f6
gxf6 28. Qg4+ Kh8 29. Qxd7 a4 30. Qxa4 Qxd5 31. Qf4 Kg7 32. Qxf6+ Kg8 33. h3 Rd8
34. Rf3 Qd1+ 35. Kh2 Qd6+ 36. Rg3+ Kf8 37. Qg7+ Ke7 38. Qxh7 Qe5 39. Qh4+ f6 40.
Qh7+ Ke6 41. Qg6 Rd2 42. Qg4+ Ke7 43. Qb4+ Qd6 44. Qxd6+ Rxd6 45. Rd3 Kf7 46.
Rxd6 1-0

[Event "IM Not A GM Speed Chess"]
[Site "chess.com INT"]
[Date "2020.04.20"]
[Round "1.19"]
[White "Sielecki, Christof"]
[Black "Kashlinskaya, Alina"]
[Result "1-0"]
[WhiteTitle "IM"]
[BlackTitle "IM"]
[WhiteElo "2431"]
[BlackElo "2494"]
[WhiteFideId "4620437"]
[BlackFideId "4198026"]
[EventDate "2020.04.18"]

1. d4 Nf6 2. Nf3 e6 3. g3 d5 4. Bg2 Be7 5. O-O O-O 6. c4 c6 7. Qc2 Nbd7 8. Nbd2
b6 9. e4 dxe4 10. Nxe4 Bb7 11. Rd1 h6 12. Bf4 Rc8 13. Nd6 Bxd6 14. Bxd6 Re8 15.
Ne5 Nf8 16. c5 Nd5 17. a3 Nd7 18. b4 Nxe5 19. dxe5 Qg5 20. Qd2 Qf5 21. Rac1 Rcd8
22. Re1 Ba6 23. Be4 Qh5 24. Qd1 Qxd1 25. Rexd1 Be2 26. Rd2 Bg4 27. cxb6 axb6 28.
Rxc6 Ra8 29. f3 Bh5 30. b5 Ra4 31. Kf2 Rea8 32. Bxd5 exd5 33. Bb4 Rxa3 34. Bxa3
Rxa3 35. g4 Bg6 36. Rxd5 Ra2+ 37. Kg3 Ra3 38. Rd8+ Kh7 39. Kf4 Ra4+ 40. Ke3 Ra3+
41. Ke2 Rb3 42. f4 Be4 43. Rcc8 Kg6 44. f5+ Kg5 45. e6 fxe6 46. fxe6 Kf4 47. e7
Rb2+ 48. Kd1 Rb1+ 49. Kd2 Rb2+ 50. Kc3 Rc2+ 51. Kb3 Rxc8 52. Rxc8 Bg6 53. e8=Q
Bxe8 54. Rxe8 1-0

[Event "IM Not A GM Speed Chess"]
[Site "chess.com INT"]
[Date "2020.04.19"]
[Round "1.20"]
[White "Kashlinskaya, Alina"]
[Black "Sielecki, Christof"]
[Result "1-0"]
[WhiteTitle "IM"]
[BlackTitle "IM"]
[WhiteElo "2494"]
[BlackElo "2431"]
[WhiteFideId "4198026"]
[BlackFideId "4620437"]
[EventDate "2020.04.18"]

1. d4 Nf6 2. c4 e6 3. Nf3 Bb4+ 4. Bd2 Qe7 5. a3 Bxd2+ 6. Qxd2 d6 7. Nc3 e5 8. e3
O-O 9. Be2 Bg4 10. O-O Bxf3 11. Bxf3 c6 12. b4 e4 13. Be2 d5 14. Qa2 Qe6 15. b5
Nbd7 16. Rab1 Nb6 17. c5 Nbd7 18. bxc6 bxc6 19. Rb7 h5 20. Rfb1 Ng4 21. h3 Ngf6
22. Qc2 g5 23. Qd1 g4 24. h4 Rfb8 25. g3 Qe8 26. Qa4 Rxb7 27. Rxb7 Nf8 28. Rc7
Rc8 29. Qxa7 Rxc7 30. Qxc7 Ne6 31. Qe5 Kg7 32. Qd6 Qa8 33. Kg2 Qxa3 34. Nd1 Qa2
35. Kf1 Qa4 36. Qe5 Kg6 37. Nc3 Nd7 38. Qxe6+ fxe6 39. Nxa4 e5 40. Nb6 Nf6 41.
dxe5 1-0

[Event "IM Not A GM Speed Chess"]
[Site "chess.com INT"]
[Date "2020.04.20"]
[Round "1.21"]
[White "Sielecki, Christof"]
[Black "Kashlinskaya, Alina"]
[Result "1-0"]
[WhiteTitle "IM"]
[BlackTitle "IM"]
[WhiteElo "2431"]
[BlackElo "2494"]
[WhiteFideId "4620437"]
[BlackFideId "4198026"]
[EventDate "2020.04.18"]

1. Nf3 Nf6 2. g3 g6 3. d4 Bg7 4. Bg2 O-O 5. O-O d6 6. b3 Nbd7 7. Bb2 e5 8. dxe5
dxe5 9. Nxe5 Ng4 10. Nd3 Bxb2 11. Nxb2 Qf6 12. Qc1 c6 13. Nd2 Nc5 14. Nd3 Qc3
15. Nxc5 Qxc5 16. Ne4 Qe7 17. h3 Nf6 18. Qg5 Kg7 19. Rad1 Bf5 20. Nxf6 Qxf6 21.
Qxf6+ Kxf6 22. e4 Be6 23. f4 Rad8 24. Kf2 c5 25. Ke3 b6 26. e5+ Ke7 27. c4 a5
28. a4 Bf5 29. Be4 Bxh3 30. Rxd8 Rxd8 31. Rh1 Bg4 32. Rxh7 Ke6 33. Bd5+ Rxd5 34.
cxd5+ Kxd5 35. Rxf7 c4 36. bxc4+ Kxc4 37. Rb7 Kb4 38. Rxb6+ Kxa4 39. Rxg6 1-0